| 000 | 00554nam a2200193Ia 4500 | ||
|---|---|---|---|
| 003 | GCL | ||
| 008 | 140319s9999 xx 000 0 ara d | ||
| 040 |
_aGCL / _cGCL |
||
| 082 | 0 | 4 |
_a810.9 _bا ت |
| 245 | 1 | 0 | _aتيارات ثقافية بين العرب والفرس |
| 260 |
_a[S.N] : _bدار نهضة مصر للطبع والنشر ، _c1978 |
||
| 300 | _a328 ص | ||
| 490 | _a | ||
| 650 | 0 | 4 | _aالادب العربى |
| 650 | 0 | 4 | _aالعصر الجاهلى |
| 650 | 0 | 4 | _aتاريخ ونقد |
| 650 | 0 | 4 | _aالمجموعات |
| 942 |
_2ddc _cBK |
||
| 999 |
_c32430 _d32430 |
||